Rastro municipal de Chinandega

Proporcionar a la población de consumo mayor higiene y tranquilidad en el producto que va a ingerir, tanto para bienestar de cada individuo como para toda la comunidad consumidora, ayudar al mismo tiempo al avance y tecnificación del país en cuanto al empleo de nuevos sistemas de trabajo, abolien...

Full description

Bibliographic Details
Main Author: Delgado Rodríguez, María Antonieta
Other Authors: Tutor: Guillén Sandino, Carlos
Format: Tesis Section = Libro
Language:Undetermined
Spanish
Published: Managua Universidad Nacional Autónoma de Nicaragua (UNAN) 1980
Subjects:
LEADER 01249nam a2200217Ia 4500
008 240830s9999 xx 000 0 und d
040 |a BIBLIOTECA-RUSB/ Mon 725.9 D352 
041 |a spa 
082 |a Mon 725.9 D352 
100 1 |a Delgado Rodríguez, María Antonieta 
245 1 0 |a Rastro municipal de Chinandega 
260 |a Managua  |b Universidad Nacional Autónoma de Nicaragua (UNAN)  |c 1980 
300 |a 53 p. :il. 
502 |a Tesis (Arquitecto) - Universidad Nacional Autónoma de Nicaragua (UNAN), 1980. 
520 3 |a Proporcionar a la población de consumo mayor higiene y tranquilidad en el producto que va a ingerir, tanto para bienestar de cada individuo como para toda la comunidad consumidora, ayudar al mismo tiempo al avance y tecnificación del país en cuanto al empleo de nuevos sistemas de trabajo, aboliendo los antiguos métodos primitivos, dotando a la ciudad de locales y medios favorables adecuados para tal fin, con el propósito de disminuir los efectos desfavorables que pudieran ocasionar a la población la falta de salubridad.  
650 7 |a CONSTRUCCIONES PUBLICAS MATADEROS 
650 7 |b  MATADEROS - CHINANDEGA 
700 1 |a Tutor:  |b Guillén Sandino, Carlos 
942 |c BK  |2 ddc 
991 |a TESIS 
999 |c 21323